Civilisation UK : les Premiers Ministres - Statistiques

Statistiques générales
  • Ce quiz a été pris 22 fois
  • Le résultat moyen est 18 sur 60
Statistiques - réponses
Mandat Nom Parti % Correct
2024 - Keir Starmer
64%
Labour
64%
Labour
64%
1979-1990 Margaret Thatcher
64%
2016-2019 Theresa May
64%
1940-1945 Winston Churchill War Cabinet
64%
2019-2022 Boris Johnson
55%
Conservative
55%
Conservative
55%
Conservative
55%
Conservative
55%
Labour
55%
2022-2024 Rishi Sunak
55%
Conservative
45%
Conservative
45%
Conservative
45%
2010-2016 David Cameron
45%
2022 Liz Truss
45%
1997-2007 Tony Blair
45%
1945-1951 Clement Attlee
36%
Conservative
36%
Conservative
36%
1990-1997 John Major
36%
Labour
36%
1951-1955 Winston Churchill
36%
Conservative
27%
Conservative
27%
2007-2010 Gordon Brown
27%
1964-1970 Harold Wilson
27%
Labour
27%
Labour
27%
Labour
27%
1955-1957 Anthony Eden
18%
Conservative
18%
1970-1974 Edward Heath
18%
1957-1963 Harold Macmillan
18%
Labour
18%
1937-1940 Neville Chamberlain Coalition Government
18%
1895-1902 Robert Cecil
18%
1963-1964 Alec Douglas Home
9%
1922-1923 Andrew Bonar Law
9%
1902-1905 Arthur J Balfour
9%
Conservative
9%
Conservative
9%
Conservative
9%
Conservative
9%
Conservative
9%
Conservative
9%
1916-1922 David Lloyd George War Cabinet
9%
1974-1976 Harold Wilson
9%
1908-1916 Herbert H Asquith
9%
1976-1979 James Callaghan
9%
Liberal
9%
Liberal
9%
1924 Ramsay Mac Donald
9%
1929-1935 Ramsay Mac Donald National Government
9%
1905-1908 Sir Henry Campbell-Bannerman
9%
1923-1924 Stanley Baldwin
9%
1924-1929 Stanley Baldwin
9%
1935-1937 Stanley Baldwin
9%
Aucun quiz correspondant
Distribution des résultats
% des personnes avec chaque résultat
Percentile par nombre de réponses
Votre historique - résultats
Vous n’avez pas pris ce quiz